| 000 | 00359nam a2200133 a 4500 | ||
|---|---|---|---|
| 005 | 20140414132121.0 | ||
| 008 | 120822s19uu xx 00 eng d | ||
| 050 |
_aTR 372.83 _bOp61 2000 |
||
| 245 | _aOpen eyes. | ||
| 260 |
_aHunt VAlley, Maryland : _bClavert School, _c2000. |
||
| 300 | _a33 | ||
| 650 |
_aFamily-members. _xAnimals-domestic. |
||
| 999 |
_c115066 _d115066 |
||